І. Франко й франкіяна на заході (Запис № 316084)
[ простий вигляд ]
| 000 -Лідер | |
|---|---|
| fixed length control field | 00637nam a22002297a 4500 |
| 003 - Ідентифікатор контрольного номера | |
| control field | UA-OsUOA |
| 001 - Контрольний номер | |
| control field | 29688 |
| 007 - Фіксоване поле фізичного опису | |
| fixed length control field | ta |
| 008 - Елементи даних фіксованої довжини – загальна інформація | |
| fixed length control field | 20041025b un ||||| |||| 00| 0 ukr d |
| 090 ## - Локальний шифр розміщення | |
| Класифікаційний індекс УДК | 82.09 |
| Авторський знак (НП) | Ф83 |
| 040 ## - Джерело каталогізації | |
| Агенція оригінальної каталогізації | UA-OsUOA |
| Мова каталогізації | ukr |
| Агенція, яка здійснювала перезапис | UA-OsUOA |
| Агенція, яка здійснювала модифікацію | UA-OsUOA |
| 041 ## - Код мови | |
| Код мови тексту/ звукової доріжки чи окремого заголовка (П) | ukr |
| 080 ## - Індекс Універсальної десяткової класифікації | |
| Індекс Універсальної десяткової класифікації (УДК) (НП) | 82.09 |
| 044 ## - Код країни видавця/ виробника | |
| Код країни видавця/ виробника (П) | CA |
| 245 ## - Відомості про назву | |
| Назва (НП) | І. Франко й франкіяна на заході |
| Решта назви (НП) | Статті й матеріали з приводу століття 1856-1956 |
| Дані про відповідальність (НП) | Ред. Яр.Рудницького |
| 260 ## - Публікація, розповсюдження і т.п. (Вихідні дані) | |
| Місце публікації, розповсюдження і т.п. (П) | Вінніпег |
| Дата публікації, розповсюдження і т.п. (П) | 1957 |
| 300 ## - Фізичний опис | |
| Обсяг | 230 с. |
| 650 #7 - Додаткове предметне введення – тематичний термін | |
| Джерело заголовка чи терміна | UDC |
| 942 ## - Додаткові елементи входу (Коха) | |
| Тип елемента Koha | Книги |
| 955 ## - Код типу видання за змістом | |
| Код типу видання за змістом (НП) | інше |
| Стан вилучень | Стан втрат | Джерело класифікації або схеми стелажів | Стан уражень | Не для кредиту | Постійне місце розташування | Поточне розміщення | Дата придбання | Інвентарний номер | Усього замовленно | Повний номер виклику | Штрих-код | Дата останнього перегляду | Ціна ефективна від | Тип елемента Koha | Вартість, звичайна ціна покупки |
|---|---|---|---|---|---|---|---|---|---|---|---|---|---|---|---|
| Universal Decimal Classification | АБ - Абонемент НБ | АБ - Абонемент НБ | 13/09/2012 | 43945 | 82.09 Ф83 | 43945 | 15/02/2022 | 25/10/2004 | Книги | ||||||
| Universal Decimal Classification | АБ - Абонемент НБ | АБ - Абонемент НБ | 13/09/2012 | 43946 | 82.09 Ф83 | 43946 | 11/02/2022 | 25/10/2004 | Книги | ||||||
| Withdrawn | Universal Decimal Classification | АБ - Абонемент НБ | АБ - Абонемент НБ | 13/09/2012 | 52045 | 82.09 Ф83 | 52045 | 13/07/2019 | 25/10/2004 | Книги | |||||
| Universal Decimal Classification | АБ - Абонемент НБ | АБ - Абонемент НБ | 13/09/2012 | 52046 | 82.09 Ф83 | 52046 | 11/02/2022 | 25/10/2004 | Книги | ||||||
| Universal Decimal Classification | АБ - Абонемент НБ | АБ - Абонемент НБ | 13/09/2012 | 52047 | 82.09 Ф83 | 52047 | 11/02/2022 | 25/10/2004 | Книги | ||||||
| Universal Decimal Classification | АБ - Абонемент НБ | АБ - Абонемент НБ | 13/09/2012 | 52048 | 82.09 Ф83 | 52048 | 11/02/2022 | 25/10/2004 | Книги | ||||||
| Universal Decimal Classification | ЧЗ - Читальна зала | ЧЗ - Читальна зала | 25/10/2004 | 71513 | 82.09 Ф83 | 71513 | 09/02/2022 | 25/10/2004 | Книги | 114.18 | |||||
| Universal Decimal Classification | ЧЗ - Читальна зала | ЧЗ - Читальна зала | 25/10/2004 | 71514 | 82.09 Ф83 | 71514 | 09/02/2022 | 25/10/2004 | Книги | 10.00 | |||||
| Universal Decimal Classification | ЧЗ - Читальна зала | ЧЗ - Читальна зала | 25/10/2004 | 71515 | 82.09 Ф83 | 71515 | 09/02/2022 | 25/10/2004 | Книги | 1.00 | |||||
| Universal Decimal Classification | ЧЗ - Читальна зала | ЧЗ - Читальна зала | 25/10/2004 | 71516 | 82.09 Ф83 | 71516 | 09/02/2022 | 25/10/2004 | Книги |